header

Shri Ramayana Darshanam: (Record no. 257931)

MARC details
000 -LEADER
fixed length control field 00403nam a22001457a 4500
003 - CONTROL NUMBER IDENTIFIER
control field OSt
005 - DATE AND TIME OF LATEST TRANSACTION
control field 20191106111945.0
008 - FIXED-LENGTH DATA ELEMENTS--GENERAL INFORMATION
fixed length control field 191106b xxu||||| |||| 00| 0 eng d
020 ## - INTERNATIONAL STANDARD BOOK NUMBER
International Standard Book Number 8126017287
040 ## - CATALOGING SOURCE
Transcribing agency N/A
100 ## - MAIN ENTRY--PERSONAL NAME
Personal name K.V.Puttappa Kuvempu et al
245 ## - TITLE STATEMENT
Title Shri Ramayana Darshanam:
Remainder of title Sahitya Akademi Award Winning Kannada Epic
260 ## - PUBLICATION, DISTRIBUTION, ETC. (IMPRINT)
Place of publication, distribution, etc New Delhi
Name of publisher, distributor, etc Sahitya Akademi
Date of publication, distribution, etc 2018
942 ## - ADDED ENTRY ELEMENTS (KOHA)
Source of classification or shelving scheme Library of Congress Classification
Koha item type Long Loan Books
Holdings
Withdrawn status Lost status Source of classification or shelving scheme Damaged status Not for loan Collection code Home library Current library Shelving location Date acquired Total Checkouts Full call number Barcode Date last seen Price effective from Koha item type
    Library of Congress Classification     Non-fiction Rongo University Library Rongo University Library General Stacks 06/11/2019   PL 4659.P 797 2018 201901787 06/11/2019 06/11/2019 Long Loan Books

© 2026 Rongo University
Contact us: librarian | system librarian | Rongo university